| 000 | 00444 a2200157 4500 | ||
|---|---|---|---|
| 003 | OSt | ||
| 005 | 20230901121407.0 | ||
| 008 | 230901b |||||||| |||| 00| 0 eng d | ||
| 020 | _a9789354359316 | ||
| 040 | _coclc | ||
| 082 |
_a338 _bAGA/H |
||
| 245 | _aTHE HANDBOOK OF MANAGEMENT AND BUSINESS ECONOMICS/ | ||
| 260 |
_aNew Delhi _b:Bloomsbury, _c2022. |
||
| 300 | _a194 p | ||
| 942 |
_2ddc _cBK _h338 _iAGA/H _k338 _mAGA/H |
||
| 999 |
_c42041 _d42041 |
||